000 00443nam a2200157Ia 4500
005 20250220170041.0
008 231217s9999 xx 000 0 und d
020 _a9788131408636
082 _a658.8 ALA;1 R
100 _aAlagiri, Dhandapani ed.
245 0 _aDynamics of forex markets and management
260 _c2007
_bIcfai
_aHyderabad
300 _axiv, 209
650 _aIcfai,Press,dynamics,forex,markets,management
942 _cAA
999 _c187012
_d187012